000 00850nam a2200217Ia 4500
003 GCL
008 140319s9999 xx 000 0 ara d
040 _aGCL /
_cGCL
082 0 4 _a306
_bهـ ش
100 1 _aهنتش, تييرى
245 1 0 _aالشرق الخيالى ورؤية الاخر :
_bصورة الشرق فى المخيل الغربى . الرؤية الغربية للشرق المتوسط /
_cهنتش, تييرى
250 _aالاولى
260 _aسوريا :
_bدار المدى للثقافة والنشر ،
_c2006
300 _a411ص ؛
_c24سم
650 0 4 _aالاستشراق والمستشرقون
650 0 4 _aالعلاقات الثقافية
650 0 4 _aالاستشراق
650 0 4 _aالشرق - رؤية غربية
650 0 4 _aالثقافة الشرقية - رؤية غربية
942 _2ddc
_cBK
999 _c8138
_d8138